书目信息 |
| 题名: |
建筑钢结构设计
|
|
| 作者: | 陈志华 编著 ;刘锡良 主编 | |
| 分册: | ||
| 出版信息: | 天津 天津大学出版社 2004 |
|
| 页数: | 256页 | |
| 开本: | 26cm | |
| 丛书名: | 高等学校土木工程系列教材 | |
| 单 册: | ||
| 中图分类: | TU391.04 , TU391.04 | |
| 科图分类: | ||
| 主题词: | 建筑结构: 钢结构--结构设计 , 建筑结构 , 钢结构 , 结构设计 | |
| 电子资源: | ||
| ISBN: | 7-5618-1900-5 | |
| 000 | 00945nam2 2200325 45 | |
| 001 | 012004000000 | |
| 005 | 20050119100703.01 | |
| 010 | @a7-5618-1900-5@dCNY 22.00 | |
| 100 | @a20040307d2004 em y0chiy0121 ea | |
| 101 | 0 | @achi |
| 102 | @aCN@b120000 | |
| 105 | @aak z 000yy | |
| 200 | 1 | @a建筑钢结构设计@Ajian zhu gang jie gou she ji@f陈志华编著 |
| 210 | @a天津@c天津大学出版社@d2004 | |
| 215 | @a256页@c图, 表格@d26cm | |
| 225 | 2 | @a高等学校土木工程系列教材@i钢结构系列@f刘锡良主编 |
| 320 | @a本书含附录和参考文献 | |
| 410 | 0 | @12001 @a高等学校土木工程系列教材 |
| 410 | 0 | @12001 @a钢结构系列 |
| 606 | 0 | @a建筑结构: 钢结构@x结构设计 |
| 606 | 0 | @a建筑结构 |
| 606 | 0 | @a钢结构 |
| 606 | 0 | @a结构设计 |
| 690 | @aTU391.04@v4 | |
| 690 | @aTU391.04@v3 | |
| 701 | 0 | @a陈志华@Achen zhi hua@4编著 |
| 702 | 0 | @a刘锡良@Aliu xi lang@4主编 |
| 801 | 0 | @aCN@bQSSKz@c20050119 |
| 905 | @dTU391.04@eC652 | |
| 906 | @dCNY22.00@n3@r1 | |
| 建筑钢结构设计/陈志华编著.-天津:天津大学出版社,2004 |
| 256页:图, 表格;26cm.-(高等学校土木工程系列教材.钢结构系列/刘锡良主编) |
| ISBN 7-5618-1900-5:CNY 22.00 |
| ● |
| 相关链接 |
|
|
|
正题名:建筑钢结构设计
索取号:TU391.04/C652
 
预约/预借
| 序号 | 登录号 | 条形码 | 馆藏地/架位号 | 状态 | 备注 |
| 1 | 393372 | 203933725 | 土木与交通工程学院资料室/ [索取号:TU391.04/C652] | 在馆 | |
| 2 | 393373 | 203933734 | 建筑库101/101建筑库 90排4列2层/ [索取号:TU391.04/C652] | 在馆 | |
| 3 | 393374 | 203933743 | 土木与交通工程学院资料室/土木与交通学院资料室 1排1列1层/ [索取号:TU391.04/C652] | 在馆 | |
| 4 | 438880 | 204388803 | 建筑库101/101建筑库 90排4列2层/ [索取号:TU391.04/C652] | 在馆 | |
| 5 | 438881 | 204388812 | 建筑库101/ [索取号:TU391.04/C652] | 在馆 | |
| 6 | 438882 | 204388821 | 建筑库101/101建筑库 90排4列2层/ [索取号:TU391.04/C652] | 在馆 |